Central Library OPAC University of Rajshahi

A history of Greek political thought / (Record no. 36032)

MARC details
000 -LEADER
fixed length control field 00756nam a22002531 4500
001 - CONTROL NUMBER
control field 36032
003 - CONTROL NUMBER IDENTIFIER
rucl marc code BD-RjUL
005 - DATE AND TIME OF LATEST TRANSACTION
control field 20211209052425.0
008 - FIXED-LENGTH DATA ELEMENTS--GENERAL INFORMATION
fixed length control field 140615t19681967ohu b 000 0 eng d
035 ## - SYSTEM CONTROL NUMBER
System control number (BD-RjUL)36129
040 ## - CATALOGING SOURCE
Original cataloging agency DLC
Transcribing agency DLC
Modifying agency DLC
-- BD-RjUL
Language of cataloging eng
041 ## - LANGUAGE CODE
Language code of text/sound track or separate title eng
082 00 - DEWEY DECIMAL CLASSIFICATION NUMBER
Classification number 320.0938
Author mark and year SIH 1967
100 1# - MAIN ENTRY--PERSONAL NAME
Personal name Sinclair, T. A.
Fuller form of name (Thomas Alan),
Dates associated with a name 1899-1961.
9 (RLIN) 109353
245 12 - TITLE STATEMENT
Title A history of Greek political thought /
Statement of responsibility, etc. by T. A. Sinclair.
250 ## - EDITION STATEMENT
Edition statement 2d ed.
260 ## - PUBLICATION, DISTRIBUTION, ETC. (IMPRINT)
Place of publication, distribution, etc. Cleveland :
Name of publisher, distributor, etc. World Pub. Co.
Date of publication, distribution, etc. c1967
300 ## - PHYSICAL DESCRIPTION
Pagination vi, 345 p. ;
Size 21 cm.
504 ## - BIBLIOGRAPHY, ETC. NOTE
Bibliography, etc Includes bibliographical references.
650 #0 - SUBJECT ADDED ENTRY--TOPICAL TERM
Topical term or geographic name as entry element Political science
Geographic subdivision Greece
General subdivision History.
9 (RLIN) 55252
942 ## - ADDED ENTRY ELEMENTS (KOHA)
Source of classification or shelving scheme Dewey Decimal Classification
Koha item type Books
Holdings
Lost status Source of classification or shelving scheme Damaged status Not for loan Collection code Permanent Location Current Location Shelving location Date acquired Source of acquisition Cost, normal purchase price Total Checkouts Full call number Date last seen Copy number Koha item type
  Dewey Decimal Classification   Not For Loan Non-fiction Central Library, University of Rajshahi Central Library, University of Rajshahi Reading Room 07/06/1975 gonathan 55.00   320.0938 SIH 1967 15/06/2014 C-1 Books
  Dewey Decimal Classification     Non-fiction Central Library, University of Rajshahi Central Library, University of Rajshahi   07/06/1975 Gonathan & Wreen Co. 1.55   320.0938 SIH 1967 21/06/2014 C-5 Books